Ректификационные и абсорбционные аппараты: Методы расчета и основы конструирования

Bibliographic Details
Main Author: Александров И. А.
Language:Russian
Published: Ленинград, Химия, 1965
Subjects:
Format: Book
KOHA link:https://koha.lib.tpu.ru/cgi-bin/koha/opac-detail.pl?biblionumber=64729

MARC

LEADER 00000nam0a2200000 4500
001 64729
005 20231031065912.0
035 |a (RuTPU)RU\TPU\book\68688 
090 |a 64729 
100 |a 20040607d1965 k y0rusy50 ca 
101 0 |a rus 
102 |a RU 
105 |a a z 001zy 
200 1 |a Ректификационные и абсорбционные аппараты  |e Методы расчета и основы конструирования  |f И. А. Александров 
210 |a Ленинград  |c Химия  |d 1965  |a Москва 
215 |a 308 с.  |c ил. 
320 |a Библиогр.: с. 
320 |a Библиография в конце глав. 
610 1 |a массообменная аппаратура 
610 1 |a расчет 
610 1 |a конструирование 
610 1 |a абсорбционные аппараты 
610 1 |a ректификационные аппараты 
610 1 |a нефтепереработка 
675 |a 66.048  |v 3 
700 1 |a Александров  |b И. А. 
801 1 |a RU  |b 63413507  |c 20040607  |g PSBO 
801 2 |a RU  |b 63413507  |c 20220517  |g PSBO 
942 |c BK